| 000 | 01264nam a22002657a 4500 | ||
|---|---|---|---|
| 001 | 216219491 | ||
| 003 | UA-OsUOA | ||
| 005 | 20260318112755.0 | ||
| 008 | 201021b -uk||||g |||| 00| p eng d | ||
| 020 | _a9780140620580 | ||
| 040 |
_aUA-OsUOA _beng _cUA-OsUOA _dUA-OsUOA |
||
| 041 | _aeng | ||
| 080 | _a821.111 | ||
| 090 |
_a821.111 _bS53 |
||
| 100 |
_aShakespeare W. _924521 |
||
| 245 |
_aHamlet _cWilliam Shakespeare |
||
| 260 |
_aLondon _bPenguin Books _c1994 |
||
| 300 | _a192 p. | ||
| 490 | _aPenguin Popular Classics | ||
| 520 | _aProbably the most famous play in the English language, Hamlet transcends the revenge tradition and explores the nature of man. Learning that his father has been killed by Claudius, his uncle, Hamlet's only honourable course of action is revenge. But Hamlet's nature tends not towards action but reflection and in his incapacity to act lies the seed of his own destruction. The text of this edition is edited by G. B. Harrison and contains notes, a glossary and an introduction. | ||
| 650 |
_a821 Художня література окремими мовами і мовними сім'ями _2UDC _917 |
||
| 942 |
_2udc _cBK |
||
| 955 | _a3 | ||
| 999 |
_c280747 _d280747 |
||